000 01371nam a2200301 a 4500
001 BRCA_2781
005 20190320203951.0
008 081208s1903----sp-a---###---#000-0#spa-u
041 _aspa
044 _asp
084 _a246
_b.C355
_c1903
100 1 _aCervantes Saavedra, Miguel de
_d1547-1616
_9213
245 1 0 _aEl Ingenioso Hidalgo Don Quijote de la Mancha
_ccompuesto por Miguel de Cervantes Saavedra.
260 _aMadrid
_bSaturnino Calleja Fernández
_c1903
300 _axix, 644 p.
_bil.
_c10 cm.
500 _aContenido : Primera parte. Retrato de Cervantes. Dedicatoria del autor. Prólogo del autor. Versos preliminares. Texto. Segunda parte. Dedicatoria del autor. Prólogo del autor. Texto
500 _aEdición : Edición microscópica ilustrada con dibujos de M. Ángel, grabados por Carretero y Sampietro
500 _aSegunda edición microscópica, reimpresión de la anterior. Piel; lomera dorada Lúdovik Osterc
500 _aEstado físico : Primeras páginas desprendidas
500 _aQM229
650 1 4 _aNovela española
_yÉpoca clásica, 1500-1700
_9215
650 1 4 _aLiteratura española
_yÉpoca clásica, 1500-1700
_9216
650 1 4 _aNovela española
_ySiglo XVII
_9217
650 1 4 _aDon Quijote (Personaje ficticio)
_eNovela
_9218
740 0 _aEl Ingenioso Hidalgo Don Quijote de la Mancha
902 _aQFM
942 _2lcc
_cB
999 _c2521
_d2521